Find the Theme Quiz Stats

 Plays Quiz not verified by Sporcle

Support Sporcle.
Go Orange.
Score 0/9 Timer 10:00
0 Plays Today
Hint Answer % Correct
The largest city in the state of Washington is...Seattle
87.8%
A title of nobility, or something you can do on your fingers...Count
70.7%
Warren Buffet has been called the 'sage' of this Nebraska city...Omaha
68.3%
Types of this include simple, physical, and aggravated...Assault
65.9%
What you might call a ticket or infraction. Alternatively, something to include in academic writing...Citation
63.4%
The oldest of the children living at 742 Evergreen Terrace...Bart
63.4%
This office job comes from a Latin term meaning 'confidential officer'...Secretary
56.1%
Vulpes vulpes is more commonly known as...A fox
56.1%
Hidden ThemeTriple Crown Winners
22%

You're not logged in!

Compare scores with friends on all Sporcle quizzes.
OR
Log In

From the Vault

Movie Cast Match (1990)

by MasterKGlas

1990 is proof that bad movie sequels aren’t some sort of new phenomena.
Remove Ads.
Support Sporcle.
Get the best of Sporcle when you Go Orange. This ad-free experience offers more features, more stats, and more fun while also helping to support Sporcle. Thank you for becoming a member.

Show Comments

Extras

Created Jan 8, 2016ReportNominate
Tags:Category, theme

Top Quizzes Today


Score Distribution

Your Account Isn't Verified!

In order to create a playlist on Sporcle, you need to verify the email address you used during registration. Go to your Sporcle Settings to finish the process.

Report this User

Report this user for behavior that violates our Community Guidelines.

Details: